000 01229cam a2200313 i 4500
001 13643
003 BD-JhCC
005 20240313114151.0
008 221209s2023 nyua b 001 0 eng
020 _a9781541702530
020 _z9781541702554
035 _a(BD-JhCC)13643
040 _aDLC
_erda
_cDLC
_dDLC
041 _aenglish
050 0 0 _aT14.5
_b.A29 2023
082 0 0 _a303.483
_223/eng/20230111
_bACE 2023
100 1 _aAcemoglu, Daron,
245 1 0 _aPower and progress :
_bour thousand-year struggle over technology and prosperity /
_cDaron Acemoglu and Simon Johnson.
250 _aFirst edition.
260 _aNew York:
_bPublic Affairs;
_c2023.
300 _a688 P. :
_billustrations ;
_c25 cm
504 _aIncludes bibliographical references (pages 475-516) and index.
520 _a"Two bestselling authors overturn conventional wisdom about how economies work, revealing the untold story of who wins and who loses the rewards of prosperity, in a work that fundamentally transforms how we look at and understand the world"--
650 0 _aTechnology
_xSocial aspects.
650 0 _aTechnology
_xEconomic aspects.
650 0 _aProgress.
700 1 _aJohnson, Simon,
942 _2ddc
_cBK
999 _c13643
_d13643